00596 a2200169 4500020002300000020002600023082001600049100002200065245008500087260004700172300003500219650002000254650002000274650002100294999001500315952009600330 a0470178205 (cloth) a9780470178201 (cloth) a624.151 FEN aFenton, Gordon A. aRisk assessment in geotechnical engineering /cGordan A. Fenton, D.V. Griffiths. aHoboken, N.J. :bJohn Wiley & Sons,c2008. axvii, 461 p. :bill. ;c29 cm. aSoil mechanics. aRock mechanics. aRisk assessment. c2310d2310 00104070aNITbNITcCEd0000-00-00l0o624.151 FENpNIT-8050 r2017-01-05w2017-01-05yBK